Laddar...

Manurial requirements of vegetable crops

Bibliografiska uppgifter
Huvudupphovsman: Kirti Singh
Materialtyp: Printed Book
Språk:Undetermined
English
Publicerad: New Delhi ICAR 1991
Ämnen:
LEADER 00546nam a2200169Ia 4500
008 140306s9999 xx 000 0 und d
041 |a eng 
082 |a 631 .8  |b KIR/MA 
100 |a Kirti Singh 
245 |a Manurial requirements of vegetable crops 
260 |a New Delhi  |b ICAR  |c 1991 
300 |a 130 
365 |b Rs .25 
650 |a Soil conditioners 
942 |2 ddc  |c BK 
999 |c 105795  |d 105795 
952 |0 0  |1 0  |2 ddc  |4 0  |6 631__800000000000000_KIRMA  |7 0  |9 102649  |a KAUHCV  |b KAUHCV  |d 2004-03-16  |g 25.00  |o 631 .8 KIR/MA  |p KAU_HCV-23761  |r 2014-03-22  |w 2014-03-22  |y BK